Purdah Va Taleem (Record no. 5143)

MARC details
000 -LEADER
fixed length control field 00569nam a2200241 a 4500
020 ## - INTERNATIONAL STANDARD BOOK NUMBER
ISBN
082 00 - DEWEY DECIMAL CLASSIFICATION NUMBER
Classification number 305.480297
Author Cutter IMA
100 ## - MAIN ENTRY--AUTHOR NAME
Author name Imam Akbarabadi,
245 ## - TITLE STATEMENT
Title Purdah Va Taleem
260 ## - PUBLICATION, DISTRIBUTION, ETC. (IMPRINT)
Place of publication Shimla
Name of publisher Indian Institute
Year of publication 1932
300 ## - PHYSICAL DESCRIPTION
Number of Pages 112p
500 ## - GENERAL NOTE
General note includes index and biblioraphy
505 2# - FORMATTED CONTENTS NOTE
Formatted contents note Reserve
650 ## - SUBJECT ADDED ENTRY--TOPICAL TERM
Topical Term Muslim Women
942 ## - ADDED ENTRY ELEMENTS (KOHA)
Koha item type Books
700 1# -
-- Imam Akbarabadi,
Holdings
Collection code Home library Current library Date acquired Cost, normal purchase price Full call number Accession Number Koha item type
  Henry Martyn Institute Library Henry Martyn Institute Library 03/26/2007 100.00 305.480297 IMA 07404 Books
                   Copyright © 2026 | Henry Martyn Institute | Hyderabad | TS-500052 | INDIA | Implemented by hmi.edu.in
Hit-Count:

Powered by Koha